Language Quiz

Random Language or Letter Quiz

Three Letter 'H' Words Quiz Stats

Quiz Updated Aug 6, 2016

Challenge
Share
Tweet
Embed
Score 0/51 Timer 04:00
0 Plays Today
% Correct
hat
97.5%
had
96.5%
ham
96.1%
has
95.6%
her
95.5%
hit
95.3%
him
95%
hag
94.4%
his
93.4%
hap
93.3%
hip
93.1%
hen
92.5%
haw
92.3%
hot
91.7%
hop
91.6%
hay
90.6%
hew
90.3%
hid
90.2%
hem
90.1%
het
89.8%
hep
88.6%
hey
88.2%
hah
87.3%
hes
87.2%
how
87.1%
hog
86.8%
% Correct
hae
86.1%
hut
85.9%
hob
85.8%
hon
85.8%
hin
85.5%
hex
84.7%
haj
84.1%
hod
84%
hoe
83.8%
hum
83%
hao
82.2%
hic
82.1%
hun
82%
hug
82%
hie
81.3%
hom
80.9%
hub
80%
hue
75.7%
heh
75.7%
hup
75%
hoo
74.7%
hoy
73.8%
huh
69.1%
hyp
25.3%
hmm
17.4%

You're not logged in!

Compare scores with friends on all Sporcle quizzes.
Join for Free
OR
Log In

You Might Also Like...

Show Comments

Extras

Top Quizzes Today


Score Distribution

Your Account Isn't Verified!

In order to create a playlist on Sporcle, you need to verify the email address you used during registration. Go to your Sporcle Settings to finish the process.

Report this User

Report this user for behavior that violates our Community Guidelines.

Details: